<?xml version="1.0" encoding="UTF-8"?>
<marc:record xmlns:marc="http://www.loc.gov/MARC21/slim">
   <marc:leader>00000nam a2200000 a 4500</marc:leader>
   <marc:datafield ind1="1" ind2=" " tag="100">
      <marc:subfield code="a">Werner, Nils</marc:subfield>
      <marc:subfield code="4">ctb</marc:subfield>
      <marc:subfield code="e">Mitwirkende/-r</marc:subfield>
   </marc:datafield>
   <marc:datafield ind1="1" ind2=" " tag="100">
      <marc:subfield code="a">Bause, Inka</marc:subfield>
      <marc:subfield code="4">ctb</marc:subfield>
      <marc:subfield code="e">Mitwirkende/-r</marc:subfield>
   </marc:datafield>
   <marc:datafield ind1=" " ind2=" " tag="653">
      <marc:subfield code="a">Kassette / Kinder- und Jugendbücher/Bilderbücher</marc:subfield>
   </marc:datafield>
   <marc:datafield ind1=" " ind2=" " tag="653">
      <marc:subfield code="a">CD</marc:subfield>
   </marc:datafield>
   <marc:datafield ind1=" " ind2=" " tag="653">
      <marc:subfield code="a">Bilderbücher</marc:subfield>
   </marc:datafield>
   <marc:datafield ind1="0" ind2="0" tag="245">
      <marc:subfield code="a">Inka Bause liest Alarm im Kasperletheater und weitere Geschichten</marc:subfield>
   </marc:datafield>
   <marc:datafield ind1="0" ind2="0" tag="245">
      <marc:subfield code="b">ungekürzte szenische Lesungen mit Musik für Kinder ab 4</marc:subfield>
   </marc:datafield>
   <marc:datafield ind1="0" ind2="0" tag="245">
      <marc:subfield code="c">von Nils Werner</marc:subfield>
   </marc:datafield>
   <marc:datafield ind1=" " ind2="1" tag="264">
      <marc:subfield code="a">Berlin</marc:subfield>
      <marc:subfield code="b">DAV</marc:subfield>
      <marc:subfield code="c">2015</marc:subfield>
   </marc:datafield>
   <marc:datafield ind1="1" ind2=" " tag="520">
      <marc:subfield code="a">Angaben aus der Verlagsmeldung

Alarm im Kasperletheater und weitere Geschichten : Ungekürzte szenische Lesungen mit Musik mit Inka Bause (1 CD) / von Nils Werner

Oma hat Geburtstag und Kasperle hat für die Feier Pfannkuchen gekauft. Doch Teufelchen stiehlt die Leckereien. Sofort macht Kasperle sich zusammen mit den anderen Puppentheaterfiguren an die Verfolgung. Aber welch ein Unglück: Als sie den Übeltäter schnappen, hat der seine süße Beute bereits aufgefuttert. Wie gut, dass Oma Rat weiß. Am Ende gibt es für alle genügend Pfannkuchen und sogar das Teufelchen darf mitfeiern. Nils Werners beliebte Geschichten »Alarm im Kasperletheater«, »Teddy Brumm« und »Der rabenschwarze Papagei« – charmant gelesen von TV-Liebling Inka Bause.

Ungekürzte szenische Lesungen mit Musik ab 4 Jahren mit Inka Bause
1 CD | Laufzeit 34 min
</marc:subfield>
   </marc:datafield>
   <marc:datafield ind1=" " ind2=" " tag="020">
      <marc:subfield code="a">9783862315055</marc:subfield>
      <marc:subfield code="9">9783862315055</marc:subfield>
   </marc:datafield>
   <marc:datafield ind1=" " ind2=" " tag="041">
      <marc:subfield code="a">ger</marc:subfield>
   </marc:datafield>
   <marc:datafield ind1=" " ind2=" " tag="300">
      <marc:subfield code="a">1 CD (ca. 34 Min.)</marc:subfield>
   </marc:datafield>
</marc:record>
